| 000 | 01545cam a22004214a 4500 | ||
|---|---|---|---|
| 999 |
_c79449 _d316726 |
||
| 001 | 14430917 | ||
| 003 | OSt | ||
| 005 | 20210305184142.0 | ||
| 008 | 060628s2004 stka b 001 0 eng c | ||
| 010 | _a 2006296726 | ||
| 015 | _aGBA3-U6088 | ||
| 016 | 7 |
_a101200700 _2DNLM |
|
| 020 | _a0443072310 | ||
| 035 | _a(OCoLC)ocm54074260 | ||
| 040 |
_aYUS _cYUS _dNLM _dUKM _dORE _dBAKER _dMUQ _dDLC |
||
| 042 | _apcc | ||
| 050 | 0 | 0 |
_aRM708 _b.Q355 2004 |
| 060 | 0 | 0 | _a2003 O-790 |
| 060 | 1 | 0 |
_aWB 460 _bQ1 2004 |
| 082 | 0 | 0 |
_a615.82072 _222 _bQUR |
| 245 | 0 | 0 |
_aQualitative research in evidence-based rehabilitation / _cedited by Karen Whalley Hammell, Christine Carpenter ; foreword by Susan R. Harris. |
| 260 |
_aEdinburgh ; _aNew York : _bChurchill Livingstone, _c2004. |
||
| 300 |
_axii, 148 p. : _bill. ; _c25 cm. |
||
| 504 | _aIncludes bibliographical references and index. | ||
| 650 | 0 |
_aPhysical therapy _xResearch. _988487 |
|
| 650 | 0 |
_aQualitative research. _945104 |
|
| 650 | 6 |
_aPhysiothérapie _xRecherche. _988488 |
|
| 650 | 6 |
_aRecherche qualitative. _988489 |
|
| 650 | 1 | 2 |
_aPhysical Therapy Modalities. _988490 |
| 650 | 2 | 2 |
_aEvidence-Based Medicine. _988491 |
| 650 | 2 | 2 |
_aOccupational Therapy. _921387 |
| 650 | 2 | 2 |
_aQualitative Research. _945104 |
| 700 | 1 |
_aHammell, Karen Whalley. _988492 |
|
| 700 | 1 |
_aCarpenter, Christine, _cDipPT. _988493 |
|
| 906 |
_a7 _bcbc _cpccadap _d2 _encip _f20 _gy-gencatlg |
||
| 942 |
_2ddc _cBOOK |
||